书目信息 |
| 题名: |
科学种粮一本通
|
|
| 作者: | 杨庆才 主编 | |
| 分册: | ||
| 出版信息: | 长春 吉林人民出版社 2005 |
|
| 页数: | 406页 | |
| 开本: | 20cm | |
| 丛书名: | 新农村丛书 | |
| 单 册: | ||
| 中图分类: | S502 | |
| 科图分类: | ||
| 主题词: | 粮食作物--品种--种植 , 粮食作物 | |
| 电子资源: | ||
| ISBN: | 7-206-02878-0 | |
| 000 | 00830oam2 2200277 45 | |
| 001 | 012005200009 | |
| 005 | 20070709090708.90 | |
| 010 | @a7-206-02878-0@dCNY32.50 | |
| 092 | @aCN@b471157 | |
| 100 | @a20051015d2005 em y0chiy0120 ea | |
| 101 | 0 | @achi |
| 102 | @aCN@b220000 | |
| 105 | @aa z 000yy | |
| 200 | 1 | @a科学种粮一本通@9ke xue zhong liang yi ben tong@f杨庆才主编 |
| 205 | @a2版 | |
| 210 | @a长春@c吉林人民出版社@d2005 | |
| 215 | @a406页@c图@d20cm | |
| 225 | 2 | @a新农村丛书 |
| 330 | @a该书介绍了怎样利用科学方法和科学手段来实现粮食增产的问题,包括:栽培技术、施肥技术、播种和收割技术等。 | |
| 461 | 0 | @12001 @a新农村丛书 |
| 606 | 0 | @a粮食作物@x品种@x种植 |
| 606 | 0 | @a粮食作物 |
| 690 | @aS502@v4 | |
| 701 | 0 | @a杨庆才@9yang qing cai@4主编 |
| 801 | 0 | @aCN@bLZJBOOK@c20070709 |
| 905 | @a10447@dS502@e35=2 | |
| 科学种粮一本通/杨庆才主编.-2版.-长春:吉林人民出版社,2005 |
| 406页:图;20cm.-(新农村丛书) |
| ISBN 7-206-02878-0:CNY32.50 |
| 该书介绍了怎样利用科学方法和科学手段来实现粮食增产的问题,包括:栽培技术、施肥技术、播种和收割技术等。 |
| ● |
| 相关链接 |
|
|
|
|
正题名:科学种粮一本通
索取号:S502/35=2
 
预约/预借
| 序号 | 登录号 | 条形码 | 馆藏地/架位号 | 状态 | 备注 |
| 1 | 0552479 | 205524798 | 第二样本阅览室/ [索取号:S502/35=2] | 在馆 | |
| 2 | 0552480 | 205524805 | 第三借阅区/ [索取号:S502/35=2] | 在馆 | |
| 3 | 0552481 | 205524814 | 第三借阅区/ [索取号:S502/35=2] | 在馆 | |
| 4 | 0552482 | 205524823 | 第三借阅区/ [索取号:S502/35=2] | 在馆 | |
| 5 | 0552483 | 205524832 | 第三借阅区/ [索取号:S502/35=2] | 在馆 | |
| 6 | 0552484 | 205524841 | 第三借阅区/ [索取号:S502/35=2] | 在馆 | |
| 7 | 0552485 | 205524850 | 第三借阅区/ [索取号:S502/35=2] | 在馆 | |
| 8 | 0552486 | 205524869 | 第三借阅区/ [索取号:S502/35=2] | 在馆 |